000 00544nam a2200181Ia 4500
003 GCL
008 140319s9999 xx 000 0 ara d
040 _aGCL /
_cGCL
082 0 4 _aق
_b962.064
_bس ح
100 1 _aسنية قراعة
245 1 0 _aحارس المجد : جمال عبدالناصر /
_cسنية قراعة
300 _a387 ص
490 _a
650 0 4 _aرؤساء الجمهورية
650 0 4 _aجمال عبدالناصر
650 0 4 _aمصر - تاريخ - العصر الحديث (1805 - 1956 )
942 _2ddc
_cBK
999 _c45547
_d45547